000
00265nam a22000977a 4500
999
_c
11494
_d
11494
008
190529b ||||| |||| 00| 0 eng d
020
_a
9780340944455
100
_a
Bateman Colin
_9
7211
245
_a
Titanic-2020
260
_a
Great Britian
_b
Hachette Children books
_c
2007